000 00650nam a2200265Ia 4500
005 20260121173646.0
008 008 260114s9999 xx 000 0 eng d
020 _a9781493918157
037 _aEBOOK
040 _aCRL
040 _beng
040 _cCRL
041 _2eng
041 _aeng
084 _qCRL
100 _aWilliam Honeychurch
_91103605
245 0 _aInner Asia and the Spatial Politics of Empire
260 _bSpringer
260 _bSpringer
260 _c2015
856 _uhttps://link.springer.com/openurl?genre=book&isbn=978-1-4939-1815-7
942 _cEBOOK
999 _c1669353
_d1669353